Les migrants en Europe : quel avenir educatif et culturel?

Αποθηκεύτηκε σε:
Λεπτομέρειες βιβλιογραφικής εγγραφής
Κύριος συγγραφέας: Benattig, Rachid
Μορφή: Βιβλίο
Γλώσσα:French
Δημοσίευση: Paris : L'Harmattan, 1987.
Θέματα:
Ετικέτες: Προσθήκη ετικέτας
Δεν υπάρχουν, Καταχωρήστε ετικέτα πρώτοι!

MARC

LEADER 00000cam a2200000 i 4500
001 1/363
008 950703s1987 fr | ||| |||| |fre||
020 |a 2858029865 
035 |l 10014052 
040 |a GR-MyUa  |b gre  |e AACR2 
041 0 |a fre 
082 7 |a 371.9675094   |2 (22) 
100 1 |a Benattig, Rachid. 
245 1 4 |a Les migrants en Europe :   |b quel avenir educatif et culturel? /   |c Rachid Benattig. 
260 |a Paris :   |b L'Harmattan,   |c 1987. 
300 |a 118 σ. ;   |c 22 εκ. 
504 |a Περιλαμβάνει βιβλιογραφικές παραπομπές. 
650 0 0 |a Children of alien laborers  |x Education  |z Europe. 
650 0 0 |a Alien labor  |x Education  |z Europe. 
650 0 0 |a Multicultural education  |z Europe. 
852 |a INST  |b LESVOS  |e 19950703  |h 371.9675094 BEN  |p 005100003996  |q 005100003996  |t BK  |y 0